| 000 | 00879cam a22002291 4500 | ||
|---|---|---|---|
| 082 | 0 | 0 |
_a624.18341 _bVAZ _cL-38, P-86 |
| 100 | 1 |
_aVazirani V.N _923345 |
|
| 110 |
_akhanna publishers _943294 |
||
| 245 | 1 | 0 |
_aDesign of reinforced concrete structures _c[by] V. I. Murashev, E. Y. Sigalov [and] V. N. Baikov. Translated from the Russian by G. Leib. Translation editor H. C. Creighton. |
| 250 | _a16th ed. | ||
| 260 |
_aNew Delhi, _bMir Publishers, _c2009. |
||
| 300 |
_a1135 p. _billus. _c30 cm. |
||
| 500 | _aRevised from the 1962 Russian ed. | ||
| 500 | _aTranslation of Zhelezobetonnye konstrukt͡s︡ii. | ||
| 526 |
_a0 _b0 _c0 _d624_183410000000000_VAZ |
||
| 650 | 0 |
_aMCE _9379 |
|
| 650 | 0 |
_aPrecast concrete construction. _921295 |
|
| 650 | 0 | _aReinforced concrete construction. | |
| 700 | 1 |
_aBaĭkov, V. N., _943238 |
|
| 700 | 1 |
_aSigalov, Ė. E., _943239 |
|
| 942 |
_2ddc _cBK |
||
| 999 |
_c547116 _d547116 |
||